LEADER 02347nam2 22003851i 450 001 RML0277248 005 20231121125728.0 100 $a20121121d1987 ||||0itac50 ba 101 | $alat 102 $abe 181 1$6z01$ai $bxxxe 182 1$6z01$an 200 1 $a˜32: œSancti Aurelii Augustini Hipponensis episcopi opera omnia, post lovaniensium theologorum recensionem ... 205 $aEditio novissima$bemendata et auctior$faccurante J.-P. Migne 210 $aTurnhout $cBrepols $d1987 215 $a1504 col.$d29 cm 300 $aRist. anast. dell'ed.: Migne : Parisiis, 1841 461 1$1001PUV0698208$12001 $aPatrologiae cursus completus, seu bibliotheca universalis, integra, uniformis, commoda, oeconomica, omnium SS. Patrum, doctorum scriptorumque ecclesiasticorum, sive latinorum, qui ab aevo apostolico ad tempora Innocentii 3. (anno 1216) pro Latinis et Concilii Florentini (ann. 1439) pro Graecis floruerunt: Recusio chronologica [...]. Series latina, in qua prodeunt patres, doctores scriptoresque ecclesiae latinae a Tertulliano ad Innocentim 3.$faccurante J. P. Migne 700 1$aAugustinus$b, Aurelius$c $3CFIV004595$0152280 790 0$aAugustinus Aurelius$c $3BVEV021814$zAugustinus, Aurelius 790 0$aAgostino : d'Ippona$c $3CFIV013519$zAugustinus, Aurelius 790 1$aAgostino$b, Aurelio$c $3CFIV030601$zAugustinus, Aurelius 790 0$aAugustinus : von Hippo$c $3CFIV130059$zAugustinus, Aurelius 790 0$aAurelio Agostino$c $3CFIV137762$zAugustinus, Aurelius 790 0$aAgostino$c $3CFIV157151$zAugustinus, Aurelius 790 0$aAgostino$3CFIV211414$zAugustinus, Aurelius 790 0$aAugustinus : Hipponensis$c $3RMLV215613$zAugustinus, Aurelius 801 3$aIT$bIT-01$c20121121 850 $aIT-FR0017 899 $aBiblioteca umanistica Giorgio Aprea$bFR0017 912 $aRML0277248 950 2$aBiblioteca umanistica Giorgio Aprea$d 52CIS P.L.32$e 52VM 0000471785 VM barcode:00036798. - Inventario:18439 MAGVM$fB $h20040811$i20121204 977 $a 52 996 $aSancti Aurelii Augustini Hipponensis episcopi opera omnia, post lovaniensium theologorum recensionem ..$93626007 997 $aUNICAS LEADER 01307nam0 22002891i 450 001 UON00233432 005 20231205103513.303 100 $a20030730d1931 |0itac50 ba 101 $aeng 102 $aGB 105 $a|||| 1|||| 200 1 $aDramatic documents from the Elizabethan playhouses$estage plots$eactors' parts$eprompt books$eReproductions & transcripts$fby W.W. Greg 210 $aOxford$cClarendon Press$d1931$estampa 1969 215 $a1 v.$d51 cm. 606 $aMANOSCRITTI INGLESI$xRiproduzioni e facsimili$3UONC069899$2FI 606 $aTeatro$xGran Bretagna$xSec. 16.-17.$3UONC069898$2FI 606 $aTEATRO INGLESE$xSec. 16.-17.$xStudi$3UONC026198$2FI 620 $aGB$dOxford$3UONL000029 676 $a822.3$cLetteratura drammatica inglese. 1558-1625$v21 700 1$aGREG$bWalter Wilson$3UONV116814$0203301 712 $aClarendon Press$3UONV246509$4650 801 $aIT$bSOL$c20260123$gRICA 899 $aSIBA - SISTEMA BIBLIOTECARIO DI ATENEO E ARCHIVIO STORICO$2UONSI 912 $aUON00233432 950 $aSIBA - SISTEMA BIBLIOTECARIO DI ATENEO E ARCHIVIO STORICO$dSI GRANDI FORD 0010 $eSI SI 4557/1 7 0010 996 $aDramatic documents from the Elizabethan playhouses$9531437 997 $aUNIOR